It happened in Taos /

Bibliographic Details
Main Author: Reid, J. T. (Jesse Taylor), 1889-
Format: Book
Language:English
Published: Albuquerque : The University of New Mexico press, 1946.
Subjects:

MARC

Tag First Indicator Second Indicator Subfields
LEADER 00000cam a2200000 4500
001 in00000068638
005 20151008050246.0
008 750909s1946 nmu 00010 eng
010 |a  46011962  
035 |a (OCoLC)01611144 
035 |9 AAG0178AM 
040 |a DLC  |c DZM  |d TXA  |d UtOrBLW 
049 |a TXAM  |c [137542] 
050 0 0 |a HN79.N35  |b R4 
082 0 |a 323.35 
092 |a 323.35  |b R356i 
100 1 |a Reid, J. T.  |q (Jesse Taylor),  |d 1889- 
245 1 0 |a It happened in Taos /  |c by J. T. Reid. 
264 1 |a Albuquerque :  |b The University of New Mexico press,  |c 1946. 
300 |a  5 preliminary leaves, 118 pages :  |b lxiii plate [including portraits, map] on 32 leaves ;  |c 24 cm. 
336 |a text  |b txt  |2 rdacontent 
337 |a unmediated  |b n  |2 rdamedia 
338 |a volume  |b nc  |2 rdacarrier 
500 |a "Written for the purpose of explaining...the organization and the work of the Taos county project, an experiment in cooperative county planning and action in Taos county, New Mexico, from 1940 to 1943. It is an extension of remarks published previously in bulletin form...under the titles of The first annual report of the Taos county project and The second annual report of the Taos county project."--Pref. 
610 2 0 |a Taos County (N.M.) Project. 
999 |a MARS 
999 f f |s a684c661-3528-31a6-917e-88155169cd48  |i 951c3818-232f-3d8e-908a-4182064b7f57  |t 0 
952 f f |p ric  |a Texas A&M University  |b Rellis Campus  |c Joint Library Facility  |d Remote Storage  |t 0  |e HN79.N35 R4  |h Library of Congress classification  |i unmediated -- volume  |m A14800664827 
998 f f |a HN79.N35 R4  |t 0  |l Remote Storage